| 000 | 00503nam a22001577a 4500 | ||
|---|---|---|---|
| 003 | OSt | ||
| 008 | 250903b |||||||| |||| 00| 0 eng d | ||
| 041 | _amal | ||
| 082 |
_a320 _bJAL/OR |
||
| 100 |
_aJaleel, K. T _95370 |
||
| 245 |
_a2006: oru kodumkattaya janapaksha rashtreeyam / _b2006: ഒരു കൊടുങ്കാറ്റായ ജനപക്ഷ രാഷ്ട്രീയം |
||
| 260 |
_aKayamkulam : _bSithara Books, _c2022. |
||
| 300 | _a190 p. | ||
| 650 |
_aPolitics _96280 |
||
| 942 | _cBK | ||
| 999 |
_c19516 _d19516 |
||